30 najbardziej zaludnionych miast w Polsce - Statystyki

Ogólne statystyki
  • Ten quiz został rozwiązany 66 razy
  • Średni wynik to 25 z 30
Statystyki odpowiedzi
Lp. Ludność Miasto % Poprawnych
10. 292 tys. Białystok
100%
6. 486 tys. Gdańsk
100%
2. 804 tys. Kraków
100%
5. 540 tys. Poznań
100%
1. 1 861 tys. Warszawa
100%
3. 674 tys. Wrocław
100%
4. 655 tys. Łódź
98%
9. 328 tys. Bydgoszcz
97%
12. 242 tys. Gdynia
97%
11. 279 tys. Katowice
97%
8. 330 tys. Lublin
95%
14. 197 tys. Rzeszów
95%
7. 390 tys. Szczecin
95%
16. 195 tys. Toruń
95%
18. 183 tys. Kielce
90%
20. 167 tys. Olsztyn
88%
24. 139 tys. Zielona Góra
86%
29. 115 tys. Gorzów Wielkopolski
84%
13. 207 tys. Częstochowa
83%
27. 126 tys. Opole
83%
15. 196 tys. Radom
83%
19. 170 tys. Gliwice
76%
17. 188 tys. Sosnowiec
74%
22. 154 tys. Zabrze
74%
21. 166 tys. Bielsko-Biała
72%
23. 148 tys. Bytom
64%
28. 122 tys. Tychy
60%
30. 114 tys. Dąbrowa Górnicza
57%
26. 131 tys. Ruda Śląska
50%
25. 131 tys. Rybnik
48%
Nie znaleziono quizów pasujących do podanych kryteriów
Rozkład punktacji
Procent ludzi z każdym wynikiem
Percentyl według liczby udzielonych odpowiedzi
Twoja historia wyników
Nie rozwiązałeś tego quizu